[Event "Quebec-ch qual"]
[Site "Gatineau CAN"]
[Date "2010.03.23"]
[Round "3"]
[White "Rainey, Ivan"]
[Black "Berthiaume, Patrick"]
[Result "1/2-1/2"]
[WhiteElo "1384"]
[BlackElo "1225"]
[PlyCount "65"]
[EventDate "2010.03.09"]
[EventType "swiss"]
[EventRounds "5"]
[EventCountry "CAN"]
[Source "ChessBase"]
[SourceDate "2011.11.26"]

1. d4 Nf6 2. c4 e6 3. Nf3 d5 4. Nc3 Bb4 5. Qc2 Ne4 6. e3 Nd7 7. Bd3 Bxc3+ 8.
bxc3 Nef6 9. Ba3 dxc4 10. Bxc4 c6 11. O-O c5 12. dxc5 Qc7 13. Bb5 a6 14. Ba4
Nd5 15. c4 Ne7 16. Qe4 Qa5 17. Bxd7+ Kxd7 18. Rfd1+ Ke8 19. Qd3 Qc7 20. Rd2 Bd7
21. Ne5 Rd8 22. f4 Nc6 23. Nxc6 Bxc6 24. Qxd8+ Qxd8 25. Rxd8+ Kxd8 26. Rd1+ Ke7
27. Rd6 Rd8 28. Rxd8 Kxd8 29. Kf2 Be4 30. Ke2 Bxg2 31. Bb2 g6 32. Kd2 Kc7 33.
Kc3 1/2-1/2

[Event "Quebec-ch qual"]
[Site "Gatineau CAN"]
[Date "2010.03.23"]
[Round "3"]
[White "Thibault, Mario"]
[Black "Cossette, Daniel"]
[Result "1/2-1/2"]
[WhiteElo "1733"]
[BlackElo "2035"]
[PlyCount "112"]
[EventDate "2010.03.09"]
[EventType "swiss"]
[EventRounds "5"]
[EventCountry "CAN"]
[Source "ChessBase"]
[SourceDate "2011.11.26"]

1. e4 c5 2. Nc3 Nc6 3. Bb5 Nd4 4. Nf3 Nxb5 5. Nxb5 Nf6 6. Nc3 d6 7. d4 cxd4 8.
Qxd4 Bg4 9. Be3 g6 10. h3 Bxf3 11. gxf3 Bg7 12. Qd2 O-O 13. Bh6 Qa5 14. Bxg7
Kxg7 15. h4 h5 16. Rg1 Rac8 17. a3 b5 18. f4 b4 19. Na2 Nxe4 20. Qd4+ Nf6 21.
Rg5 Qb6 22. Qxb6 axb6 23. Nxb4 Rc4 24. Nd3 Rxc2 25. Rc1 Rxc1+ 26. Nxc1 Nd7 27.
Nd3 Nc5 28. Ke2 f5 29. Rg3 Rc8 30. Nb4 e6 31. Rc3 Rd8 32. f3 Kf6 33. Nc6 Rd7
34. Nd4 e5 35. fxe5+ dxe5 36. Nb5 Re7 37. b4 Nd7 38. Nc7 Kf7 39. Nd5 Re8 40.
Rc7 Ke6 41. Rxd7 Kxd7 42. Nf6+ Ke7 43. Nxe8 Kxe8 44. a4 Ke7 45. Kd3 Kd6 46. a5
bxa5 47. bxa5 Kc5 48. a6 Kb6 49. Kc4 Kxa6 50. Kd5 e4 51. fxe4 fxe4 52. Kxe4 Kb6
53. Kf4 Kc7 54. Kg5 Kd8 55. Kxg6 Ke8 56. Kxh5 Kf8 1/2-1/2

[Event "Quebec-ch qual"]
[Site "Gatineau CAN"]
[Date "2010.03.23"]
[Round "3"]
[White "Wilson, Alan"]
[Black "Morel, Joseph"]
[Result "0-1"]
[WhiteElo "1405"]
[BlackElo "1292"]
[PlyCount "74"]
[EventDate "2010.03.09"]
[EventType "swiss"]
[EventRounds "5"]
[EventCountry "CAN"]
[Source "ChessBase"]
[SourceDate "2011.11.26"]

1. e4 e5 2. Nf3 d6 3. c3 Nf6 4. d4 exd4 5. Bg5 dxc3 6. Nxc3 Be7 7. Bc4 Nbd7 8.
Qb3 O-O 9. O-O-O Nc5 10. Qc2 Qe8 11. Rhe1 Bd7 12. e5 dxe5 13. Rxe5 Be6 14. Bxe6
Nxe6 15. Bxf6 Bxf6 16. Rh5 g6 17. Nd5 Bg7 18. Ng5 Nxg5 19. Rxg5 f5 20. Nxc7 Qe7
21. Nxa8 Qxg5+ 22. Kb1 Rxa8 23. Qb3+ Kh8 24. Qxb7 Rd8 25. Rd7 Rxd7 26. Qxd7 Qf6
27. Qd2 h6 28. f4 Qb6 29. b4 a5 30. a3 Bf8 31. Ka2 axb4 32. Qb2+ Kh7 33. axb4
Bxb4 34. Qb3 Qf2+ 35. Kb1 Qf1+ 36. Kc2 Qxg2+ 37. Kd3 Qe4# 0-1

[Event "Quebec-ch qual"]
[Site "Gatineau CAN"]
[Date "2010.03.30"]
[Round "4"]
[White "Arsenault, Michel"]
[Black "Lavergne, Daniel"]
[Result "1-0"]
[WhiteElo "1840"]
[BlackElo "1538"]
[PlyCount "59"]
[EventDate "2010.03.09"]
[EventType "swiss"]
[EventRounds "5"]
[EventCountry "CAN"]
[Source "ChessBase"]
[SourceDate "2011.11.26"]

1. c4 g6 2. g3 Bg7 3. Bg2 d6 4. Nc3 Nc6 5. d3 e5 6. Nf3 Nge7 7. O-O O-O 8. Nd5
Nxd5 9. cxd5 Ne7 10. Qb3 c6 11. dxc6 bxc6 12. Bg5 Qc7 13. Bxe7 Qxe7 14. Nd2 Bd7
15. Qa3 Rab8 16. Nc4 e4 17. Qxa7 d5 18. Nb6 Qc5 19. Qxd7 Qxb6 20. dxe4 Bxb2 21.
Rad1 Rfd8 22. Qg4 d4 23. Rd3 Bc3 24. e3 Qa6 25. Rfd1 Qxa2 26. exd4 Rb1 27. Rxc3
Qa1 28. Rcd3 c5 29. Rxb1 Qxb1+ 30. Rd1 1-0

[Event "Quebec-ch qual"]
[Site "Gatineau CAN"]
[Date "2010.03.30"]
[Round "4"]
[White "Cossette, Daniel"]
[Black "Mohit, Surdasji"]
[Result "1-0"]
[WhiteElo "2035"]
[BlackElo "1568"]
[PlyCount "57"]
[EventDate "2010.03.09"]
[EventType "swiss"]
[EventRounds "5"]
[EventCountry "CAN"]
[Source "ChessBase"]
[SourceDate "2011.11.26"]

1. e4 e6 2. d4 d5 3. Nc3 Nf6 4. e5 Nfd7 5. f4 c5 6. Nf3 Be7 7. Be3 a6 8. Qd2
Qc7 9. Qf2 Nc6 10. Be2 b6 11. O-O cxd4 12. Nxd4 Nxd4 13. Bxd4 Bc5 14. Rfd1 f5
15. exf6 Nxf6 16. Na4 Ne4 17. Qe3 O-O 18. Nxc5 bxc5 19. Be5 Qe7 20. Bf3 Nf6 21.
c4 d4 22. Qb3 Ra7 23. Qb6 Ne8 24. b4 cxb4 25. Rxd4 a5 26. c5 Ra6 27. Qb5 Nc7
28. Qb8 Rf7 29. Qxc8+ 1-0

[Event "Quebec-ch qual"]
[Site "Gatineau CAN"]
[Date "2010.03.30"]
[Round "4"]
[White "Desjardins, Michel"]
[Black "Gagnon, Fabien"]
[Result "1/2-1/2"]
[WhiteElo "2031"]
[BlackElo "1922"]
[PlyCount "61"]
[EventDate "2010.03.09"]
[EventType "swiss"]
[EventRounds "5"]
[EventCountry "CAN"]
[Source "ChessBase"]
[SourceDate "2011.11.26"]

1. e4 d5 2. exd5 Nf6 3. d4 Nxd5 4. c4 Nb6 5. Nf3 g6 6. Be3 Bg7 7. h3 O-O 8. Nc3
Nc6 9. Be2 e5 10. d5 Ne7 11. O-O f5 12. Qd2 e4 13. Ne1 Rf7 14. Rd1 Nd7 15. c5
Kh8 16. Bd4 Ne5 17. Qf4 g5 18. Qxg5 Bf6 19. Qd2 N7g6 20. f4 Nd7 21. Nc2 Qf8 22.
b4 a5 23. Nb5 axb4 24. Nxc7 Rxa2 25. Ne6 Qe7 26. Ra1 Rxa1 27. Rxa1 Ndf8 28.
Nxf8 Rxf8 29. Nxb4 Nxf4 30. Bxf6+ Qxf6 31. Nc2 1/2-1/2

[Event "Quebec-ch qual"]
[Site "Gatineau CAN"]
[Date "2010.03.30"]
[Round "4"]
[White "Labelle, Raymond"]
[Black "Morel, Joseph"]
[Result "1-0"]
[WhiteElo "1385"]
[BlackElo "1292"]
[PlyCount "97"]
[EventDate "2010.03.09"]
[EventType "swiss"]
[EventRounds "5"]
[EventCountry "CAN"]
[Source "ChessBase"]
[SourceDate "2011.11.26"]

1. e4 e5 2. Nf3 d6 3. Bc4 h6 4. Nc3 Nf6 5. O-O Be7 6. d4 exd4 7. Nxd4 O-O 8.
Nf5 Re8 9. Qf3 Bxf5 10. exf5 Nc6 11. Be3 Ne5 12. Qe2 Nxc4 13. Qxc4 Qd7 14. Qd3
Rad8 15. Nd5 Nxd5 16. Qxd5 c6 17. Qf3 b6 18. Qg4 Bf6 19. c3 Kh8 20. Qh3 Kh7 21.
Rad1 Re5 22. g4 Kg8 23. Bf4 Re2 24. Rxd6 Qe8 25. Rxd8 Bxd8 26. Rb1 Qe4 27. Qf1
Bh4 28. Bg3 Qxg4 29. f3 Qc4 30. Bxh4 Qc5+ 31. Bf2 Qe7 32. Re1 Qg5+ 33. Qg2
Rxe1+ 34. Bxe1 Qxf5 35. Qe2 Qd7 36. Qd2 Qe7 37. Bg3 c5 38. Kf2 b5 39. Qd6 Qxd6
40. Bxd6 c4 41. Ke3 f5 42. Kd4 Kf7 43. Kc5 Ke6 44. Bg3 h5 45. Kxb5 g5 46. Kxc4
f4 47. Bf2 g4 48. fxg4 hxg4 49. Kd4 1-0

[Event "Quebec-ch qual"]
[Site "Gatineau CAN"]
[Date "2010.03.30"]
[Round "4"]
[White "Laurin, Jacques"]
[Black "Menard, Marc"]
[Result "0-1"]
[WhiteElo "1904"]
[BlackElo "1550"]
[PlyCount "63"]
[EventDate "2010.03.09"]
[EventType "swiss"]
[EventRounds "5"]
[EventCountry "CAN"]
[Source "ChessBase"]
[SourceDate "2011.11.26"]

1. c4 e5 2. g3 Nf6 3. Bg2 c6 4. Nc3 Bb4 5. a3 Ba5 6. b4 Bc7 7. d4 exd4 8. Qxd4
d6 9. Bg5 Nbd7 10. Ne4 h6 11. Nxf6+ Nxf6 12. Bxf6 Qxf6 13. Qxf6 gxf6 14. Nh3
Be6 15. Rc1 O-O-O 16. Nf4 Rhg8 17. O-O a5 18. b5 Bd7 19. Rfd1 Rge8 20. b6 Bxb6
21. Rxd6 Bc5 22. Rxf6 Bxa3 23. Rd1 Be6 24. Rxd8+ Rxd8 25. Nxe6 Rd1+ 26. Bf1
fxe6 27. Rxe6 Rd6 28. Re8+ Kc7 29. Bh3 Rd1+ 30. Kg2 Rd2 31. f4 Rc2 32. Re7+ 0-1

[Event "Quebec-ch qual"]
[Site "Gatineau CAN"]
[Date "2010.03.30"]
[Round "4"]
[White "Levesque, Andre"]
[Black "Wilson, Alan"]
[Result "1-0"]
[WhiteElo "1364"]
[BlackElo "1405"]
[PlyCount "65"]
[EventDate "2010.03.09"]
[EventType "swiss"]
[EventRounds "5"]
[EventCountry "CAN"]
[Source "ChessBase"]
[SourceDate "2011.11.26"]

1. e4 e6 2. d4 d5 3. Nd2 c5 4. Ngf3 Nc6 5. c3 Nge7 6. Bd3 c4 7. Bc2 Ng6 8. O-O
e5 9. exd5 Qxd5 10. Be4 Qd6 11. Nxc4 Qf6 12. Bg5 Qe6 13. d5 Qd7 14. dxc6 bxc6
15. Ncxe5 Qxd1 16. Raxd1 f6 17. Nxg6 hxg6 18. Bxc6+ Kf7 19. Bf4 g5 20. Bc7 Ba6
21. Rfe1 Rc8 22. Bd5+ Kg6 23. Bg3 g4 24. Nd4 Rh5 25. Be6 Rb8 26. Bxb8 f5 27.
Bd5 Kg5 28. Ne6+ Kg6 29. Nxf8+ Kf6 30. Re6+ Kg5 31. Rg6+ Kh4 32. g3+ Kh3 33.
Bg2# 1-0

[Event "Quebec-ch qual"]
[Site "Gatineau CAN"]
[Date "2010.03.30"]
[Round "4"]
[White "Libersan, Mattieu"]
[Black "Guimond, Michel"]
[Result "0-1"]
[WhiteElo "1867"]
[BlackElo "1957"]
[PlyCount "76"]
[EventDate "2010.03.09"]
[EventType "swiss"]
[EventRounds "5"]
[EventCountry "CAN"]
[Source "ChessBase"]
[SourceDate "2011.11.26"]

1. e4 e6 2. d4 d5 3. Nc3 Bb4 4. e5 c5 5. a3 Bxc3+ 6. bxc3 Ne7 7. Nf3 Nbc6 8. a4
Qa5 9. Qd2 Bd7 10. Be2 h6 11. O-O g5 12. dxc5 Nf5 13. Bb5 Nxe5 14. Nxe5 Bxb5
15. axb5 Qxa1 16. Qd3 Qa4 17. Bb2 f6 18. Ra1 Qe4 19. Qxe4 dxe4 20. Nc4 O-O 21.
g4 Ng7 22. Nd6 Rfb8 23. Nxe4 Ne8 24. c4 Kf7 25. Rd1 Rd8 26. Rxd8 Rxd8 27. b6
axb6 28. cxb6 Rc8 29. c5 f5 30. gxf5 exf5 31. Nd6+ Nxd6 32. cxd6 Ke6 33. Bg7 h5
34. Bh6 g4 35. Bf4 Rxc2 36. Kg2 Rc6 37. Be3 h4 38. Kf1 Rxd6 0-1

[Event "Quebec-ch qual"]
[Site "Gatineau CAN"]
[Date "2010.03.30"]
[Round "4"]
[White "MacIsaac, Alexandre"]
[Black "Groleau, Gilles"]
[Result "0-1"]
[WhiteElo "1622"]
[BlackElo "1982"]
[PlyCount "80"]
[EventDate "2010.03.09"]
[EventType "swiss"]
[EventRounds "5"]
[EventCountry "CAN"]
[Source "ChessBase"]
[SourceDate "2011.11.26"]

1. e4 c5 2. Nf3 e6 3. d4 cxd4 4. Nxd4 a6 5. Nc3 Nc6 6. Be3 Qc7 7. Be2 b5 8. a3
Bb7 9. O-O Nf6 10. f4 Nxd4 11. Qxd4 Rc8 12. e5 Nd5 13. Nxd5 Bxd5 14. Rac1 Bc5
15. Qxc5 Qxc5 16. Bxc5 Rxc5 17. Bf3 Bxf3 18. Rxf3 Ke7 19. Rd3 Rhc8 20. c3 f6
21. Rcd1 R8c7 22. exf6+ gxf6 23. Rh3 h5 24. g4 hxg4 25. Rh7+ Ke8 26. Rh8+ Kf7
27. Rh7+ Kg6 28. Rhxd7 Rxd7 29. Rxd7 Kf5 30. Rd6 a5 31. Kg2 Rc4 32. Rb6 b4 33.
cxb4 axb4 34. axb4 Rxf4 35. b5 Rb4 36. Rb8 Rxb2+ 37. Kg3 Rb3+ 38. Kg2 Kf4 39.
b6 Rb2+ 40. Kg1 Kf3 0-1

[Event "Quebec-ch qual"]
[Site "Gatineau CAN"]
[Date "2010.03.30"]
[Round "4"]
[White "Rainey, Ivan"]
[Black "Dagenais, Benoit"]
[Result "1-0"]
[WhiteElo "1384"]
[BlackElo "1454"]
[PlyCount "65"]
[EventDate "2010.03.09"]
[EventType "swiss"]
[EventRounds "5"]
[EventCountry "CAN"]
[Source "ChessBase"]
[SourceDate "2011.11.26"]

1. d4 Nf6 2. c4 g6 3. Nc3 Bg7 4. e4 d6 5. Nf3 O-O 6. Be2 b6 7. O-O Bb7 8. Qc2
Nbd7 9. Bg5 c5 10. d5 Ne8 11. Rab1 Nc7 12. a3 Bf6 13. Be3 Bg7 14. Nd2 f5 15. f3
f4 16. Bf2 e5 17. b4 g5 18. Qa4 Nf6 19. bxc5 dxc5 20. Bxc5 h5 21. Bxf8 Bxf8 22.
Nb3 g4 23. Kh1 g3 24. h3 Bc8 25. Nc1 Bxh3 26. gxh3 Ng4 27. fxg4 g2+ 28. Kxg2
Qh4 29. Rf3 hxg4 30. hxg4 Bc5 31. Nd3 Qxg4+ 32. Kh2 Kf7 33. Nxe5+ 1-0

[Event "Quebec-ch qual"]
[Site "Gatineau CAN"]
[Date "2010.03.30"]
[Round "4"]
[White "Sabourin, Yves"]
[Black "Scantland, Patrick"]
[Result "1/2-1/2"]
[WhiteElo "1427"]
[BlackElo "1756"]
[PlyCount "124"]
[EventDate "2010.03.09"]
[EventType "swiss"]
[EventRounds "5"]
[EventCountry "CAN"]
[Source "ChessBase"]
[SourceDate "2011.11.26"]

1. e4 c5 2. Nf3 d6 3. Nc3 Nf6 4. d4 cxd4 5. Nxd4 a6 6. Bd3 e5 7. Nb3 Be7 8. O-O
b5 9. a3 Bb7 10. Be3 Nbd7 11. f3 O-O 12. Qd2 Rc8 13. Rac1 Qc7 14. Rfd1 Rfd8 15.
Qf2 Nc5 16. Nxc5 dxc5 17. Be2 Qc6 18. Qe1 Rd7 19. Rxd7 Qxd7 20. Nb1 Bd8 21. Rd1
Qc6 22. Rd3 c4 23. Rd1 h6 24. Qg3 Bb6 25. Qf2 Bc7 26. Nc3 Rd8 27. Rxd8+ Bxd8
28. Qg3 Bb6 29. Qf2 Bxe3 30. Qxe3 Qd6 31. Kf2 Qd4 32. g3 Bc6 33. b4 cxb3 34.
cxb3 Qd7 35. b4 g5 36. Qb6 Kg7 37. Kg2 Bb7 38. Qe3 Qd4 39. Qxd4 exd4 40. Nd1 h5
41. h3 g4 42. Bd3 Bc8 43. hxg4 hxg4 44. f4 Ne8 45. e5 f6 46. Nf2 fxe5 47. fxe5
Kf7 48. Be2 Bb7+ 49. Kf1 Bf3 50. Nxg4 Bxe2+ 51. Kxe2 Ke6 52. Kd3 Kf5 53. Kxd4
Kxg4 54. Kc5 Kxg3 55. Kb6 Kf4 56. e6 Ke5 57. Kxa6 Kxe6 58. Kxb5 Kd7 59. Kb6 Kc8
60. Ka7 Nd6 61. a4 Kc7 62. b5 Nc4 1/2-1/2

[Event "Quebec-ch qual"]
[Site "Gatineau CAN"]
[Date "2010.03.30"]
[Round "4"]
[White "Thibault, Mario"]
[Black "Danilov, Alex"]
[Result "0-1"]
[WhiteElo "1733"]
[BlackElo "1824"]
[PlyCount "98"]
[EventDate "2010.03.09"]
[EventType "swiss"]
[EventRounds "5"]
[EventCountry "CAN"]
[Source "ChessBase"]
[SourceDate "2011.11.26"]

1. e4 c5 2. Nc3 Nc6 3. f4 d6 4. Bb5 e6 5. Bxc6+ bxc6 6. Nf3 c4 7. O-O Nf6 8.
Kh1 Be7 9. Qe2 d5 10. e5 Nd7 11. b3 cxb3 12. axb3 O-O 13. Ba3 Nc5 14. d3 Ba6
15. Bxc5 Bxd3 16. Qxd3 Bxc5 17. Ng5 g6 18. Qh3 h5 19. Rf3 Re8 20. Rg3 Kg7 21.
Ne2 Qe7 22. Rd3 f6 23. exf6+ Qxf6 24. Rad1 e5 25. Qg3 exf4 26. Nxf4 Bd6 27. Rf3
Kh6 28. h4 Re5 29. Qf2 Rf5 30. Nfe6 Qe5 31. g4 Rxf3 32. Nxf3 Qxe6 33. Ng5 Qxg4
34. Rg1 Qf4 35. Qxf4 Bxf4 36. Ne6 Bd6 37. Ng5 Rf8 38. Kg2 Bc5 39. Re1 Rf2+ 40.
Kh3 Rxc2 41. Re8 Rc3+ 42. Kg2 Rc2+ 43. Kh1 Kg7 44. Rc8 Rc1+ 45. Kh2 Bb6 46. Re8
Kf6 47. Rf8+ Ke5 48. Rg8 Kf5 49. Rf8+ Kg4 0-1

[Event "Quebec-ch qual"]
[Site "Gatineau CAN"]
[Date "2010.04.06"]
[Round "5"]
[White "Arsenault, Yves"]
[Black "Lacourse, Guy"]
[Result "0-1"]
[WhiteElo "1539"]
[BlackElo "1703"]
[PlyCount "124"]
[EventDate "2010.03.09"]
[EventType "swiss"]
[EventRounds "5"]
[EventCountry "CAN"]
[Source "ChessBase"]
[SourceDate "2011.11.26"]

1. e4 c5 2. Nf3 d6 3. d4 cxd4 4. Nxd4 Nf6 5. Nc3 a6 6. Bd3 Nc6 7. Nf3 e6 8. h3
Be7 9. Be3 b5 10. O-O O-O 11. a3 Bb7 12. Re1 Qc7 13. Qd2 Rfd8 14. Bf4 e5 15.
Bh2 Nb8 16. Rad1 Nbd7 17. Nh4 Nc5 18. Nf5 Bf8 19. Qg5 Ne6 20. Qe3 Kh8 21. Bg3
Ng8 22. Bh4 f6 23. Nd5 Bxd5 24. exd5 Nc5 25. Bg3 Qf7 26. Be2 g6 27. Nh4 f5 28.
Bh2 f4 29. Qd2 Ne4 30. Qd3 Ngf6 31. Bf3 Nc5 32. Qe2 Re8 33. c4 g5 34. Nf5 e4
35. Bg4 h5 36. Bxh5 Qxh5 37. Qd2 Qh7 38. Nd4 Nd3 39. Rf1 bxc4 40. Ne6 Rac8 41.
Nxg5 Qf5 42. Ne6 Nxd5 43. Nxf8 Rxf8 44. g4 Qh7 45. Kg2 f3+ 46. Kg3 N5f4 47. h4
Ne5 48. Qxd6 Ned3 49. Qd4+ Kg8 50. Rd2 Qc7 51. Qxe4 Ne2+ 52. Kh3 Ndf4+ 53. Bxf4
Nxf4+ 54. Kg3 Rce8 55. Qc2 Nd3+ 56. Kh3 Re2 57. h5 Nf4+ 58. Kh4 Rxd2 59. Qxd2
Qe7+ 60. Kg3 Qg5 61. Kxf3 Nxh5+ 62. Ke2 Re8+ 0-1

[Event "Quebec-ch qual"]
[Site "Gatineau CAN"]
[Date "2010.04.06"]
[Round "5"]
[White "Beland, Guy"]
[Black "MacIsaac, Alexandre"]
[Result "0-1"]
[WhiteElo "1432"]
[BlackElo "1622"]
[PlyCount "112"]
[EventDate "2010.03.09"]
[EventType "swiss"]
[EventRounds "5"]
[EventCountry "CAN"]
[Source "ChessBase"]
[SourceDate "2011.11.26"]

1. e4 c5 2. f4 e6 3. Nf3 Nf6 4. Nc3 Nc6 5. Bc4 a6 6. O-O b5 7. Be2 d6 8. d3 Bb7
9. f5 exf5 10. Bg5 fxe4 11. dxe4 Be7 12. Nd5 Nxd5 13. exd5 Bxg5 14. dxc6 Be3+
15. Kh1 Bxc6 16. c4 O-O 17. Bd3 bxc4 18. Bxc4 Bxf3 19. Qxf3 Bd4 20. Rab1 Qd7
21. b3 a5 22. a4 Qc7 23. Rbd1 Rae8 24. Rd3 Kh8 25. h4 f6 26. g4 Re5 27. g5 Qe7
28. g6 h6 29. Bf7 Re3 30. Rxe3 Qxe3 31. Qxe3 Bxe3 32. Re1 Bd4 33. h5 Be5 34.
Kg2 Rb8 35. Bc4 Rd8 36. Rd1 Bd4 37. Kf3 d5 38. Bb5 Kg8 39. Re1 Be5 40. Rd1 d4
41. Ke4 Kf8 42. Bc4 Ke7 43. Kf5 Kd6 44. Rd3 Re8 45. Rd1 Bg3 46. Kg4 Re3 47. Rd3
f5+ 48. Kxf5 Re5+ 49. Kg4 Rg5+ 50. Kh3 Be1 51. Kh2 Rxh5+ 52. Rh3 Rxh3+ 53. Kxh3
Ke5 54. Kg4 Ke4 55. Kh5 d3 56. Kg4 Ke3 0-1

[Event "Quebec-ch qual"]
[Site "Gatineau CAN"]
[Date "2010.04.06"]
[Round "5"]
[White "Dagenais, Benoit"]
[Black "Pilon, Robert"]
[Result "0-1"]
[WhiteElo "1459"]
[BlackElo "1439"]
[PlyCount "56"]
[EventDate "2010.03.09"]
[EventType "swiss"]
[EventRounds "5"]
[EventCountry "CAN"]
[Source "ChessBase"]
[SourceDate "2011.11.26"]

1. e4 e6 2. c4 c6 3. d4 d5 4. e5 Bd7 5. f4 Nh6 6. Nf3 Be7 7. Bd3 dxc4 8. Bxc4
Nf5 9. g4 Bh4+ 10. Kf1 Nh6 11. g5 Nf5 12. Bd3 h6 13. Bxf5 exf5 14. Nxh4 hxg5
15. Ng2 g4 16. Be3 Be6 17. Nc3 Na6 18. d5 cxd5 19. Qa4+ Bd7 20. Nb5 O-O 21. Qb3
Bxb5+ 22. Qxb5 d4 23. Bd2 Rc8 24. Qxb7 Nc5 25. Qxa7 Ne4 26. Qa5 Qd7 27. Ke2 Rc2
28. Rhd1 Rxb2 {temps} 0-1

[Event "Quebec-ch qual"]
[Site "Gatineau CAN"]
[Date "2010.04.06"]
[Round "5"]
[White "Danilov, Alex"]
[Black "Desjardins, Michel"]
[Result "0-1"]
[WhiteElo "1824"]
[BlackElo "2031"]
[PlyCount "94"]
[EventDate "2010.03.09"]
[EventType "swiss"]
[EventRounds "5"]
[EventCountry "CAN"]
[Source "ChessBase"]
[SourceDate "2011.11.26"]

1. c4 e5 2. g3 Nc6 3. Bg2 g6 4. Nc3 Bg7 5. e4 d6 6. Nge2 Nge7 7. O-O O-O 8. d3
f5 9. Be3 Be6 10. Nd5 h6 11. h4 Kh7 12. Qd2 a5 13. a3 Bg8 14. f4 fxe4 15. Bxe4
Nf5 16. Bf2 a4 17. Bxf5 Rxf5 18. Rad1 Bxd5 19. cxd5 Ne7 20. Nc3 exf4 21. gxf4
Bxc3 22. bxc3 Nxd5 23. Bg3 Qd7 24. Rde1 Re8 25. Re4 Nf6 26. Rxe8 Nxe8 27. Re1
Ng7 28. Qe3 Rf7 29. Qe4 Qg4 30. Kf2 Nf5 31. Qf3 Qxf3+ 32. Kxf3 Re7 33. Bf2 Rxe1
34. Bxe1 Kg7 35. Ke4 c6 36. Bf2 Kf6 37. c4 Ke6 38. d4 d5+ 39. Kd3 Nd6 40. cxd5+
Kxd5 41. Be1 Nb5 42. h5 gxh5 43. f5 Nxd4 44. f6 Nf3 45. Ke3 Ng5 46. Bc3 h4 47.
Kf4 Ke6 0-1

[Event "Quebec-ch qual"]
[Site "Gatineau CAN"]
[Date "2010.04.06"]
[Round "5"]
[White "Groleau, Gilles"]
[Black "Arsenault, Michel"]
[Result "1-0"]
[WhiteElo "1982"]
[BlackElo "1840"]
[PlyCount "83"]
[EventDate "2010.03.09"]
[EventType "swiss"]
[EventRounds "5"]
[EventCountry "CAN"]
[Source "ChessBase"]
[SourceDate "2011.11.26"]

1. e4 g6 2. d4 Bg7 3. Nf3 d6 4. Nc3 c6 5. a4 a5 6. Be2 Qc7 7. O-O Nd7 8. Be3
Ngf6 9. h3 O-O 10. Qd2 Re8 11. Rfe1 e5 12. dxe5 dxe5 13. Rad1 Bf8 14. Bc4 Nc5
15. Bxc5 Bxc5 16. Ng5 Rf8 17. Nf3 Kg7 18. Bb3 Nh5 19. Kh1 Qb6 20. g4 Bxf2 21.
gxh5 Bxe1 22. h6+ Kh8 23. Qd6 Be6 24. Bxe6 Bxc3 25. bxc3 Rad8 26. Qxe5+ f6 27.
Rxd8 Qxd8 28. Qd4 Qxd4 29. cxd4 b5 30. axb5 cxb5 31. d5 a4 32. Nd4 b4 33. d6 a3
34. Nc6 g5 35. d7 g4 36. d8=Q Rxd8 37. Nxd8 f5 38. exf5 b3 39. Bxb3 a2 40. Bxa2
gxh3 41. Nf7+ Kg8 42. Kh2 1-0

[Event "Quebec-ch qual"]
[Site "Gatineau CAN"]
[Date "2010.04.06"]
[Round "5"]
[White "Lavergne, Daniel"]
[Black "Rainey, Ivan"]
[Result "1-0"]
[WhiteElo "1538"]
[BlackElo "1384"]
[PlyCount "67"]
[EventDate "2010.03.09"]
[EventType "swiss"]
[EventRounds "5"]
[EventCountry "CAN"]
[Source "ChessBase"]
[SourceDate "2011.11.26"]

1. d4 Nf6 2. c4 g6 3. Nc3 Bg7 4. e4 d6 5. f3 O-O 6. Nge2 e5 7. Be3 a5 8. Qc2
Na6 9. a3 h5 10. O-O-O Nh7 11. dxe5 Bxe5 12. f4 Bg7 13. h3 f5 14. e5 Qe8 15.
Nd4 dxe5 16. Ndb5 c6 17. Nd6 Qe7 18. Be2 Be6 19. g4 Rad8 20. c5 exf4 21. Bf2 b6
22. Bxa6 Be5 23. gxh5 gxh5 24. Rhg1+ Kh8 25. Nc4 Bf6 26. cxb6 Ra8 27. Nxa5 Rxa6
28. Nxc6 Qb7 29. Nd4 Bd7 30. Nxf5 Qc6 31. Rd6 Qc4 32. Rxd7 Rxa3 33. Rxh7+ Kxh7
34. Nd6+ 1-0

[Event "Quebec-ch qual"]
[Site "Gatineau CAN"]
[Date "2010.04.06"]
[Round "5"]
[White "Menard, Marc"]
[Black "Guimond, Michel"]
[Result "0-1"]
[WhiteElo "1550"]
[BlackElo "1957"]
[PlyCount "108"]
[EventDate "2010.03.09"]
[EventType "swiss"]
[EventRounds "5"]
[EventCountry "CAN"]
[Source "ChessBase"]
[SourceDate "2011.11.26"]

1. e4 e6 2. d4 d5 3. Nc3 Bb4 4. Bd3 c5 5. a3 Bxc3+ 6. bxc3 c4 7. Be2 Nf6 8. e5
Ne4 9. Bb2 O-O 10. Bf3 f5 11. Ne2 Bd7 12. O-O Ba4 13. Nf4 Qe7 14. Bxe4 fxe4 15.
Qg4 Re8 16. Nh5 Kh8 17. Bc1 Nd7 18. Bg5 Qf7 19. Rab1 b6 20. Rb2 Rf8 21. Nf4
Rae8 22. f3 Qf5 23. Qh4 e3 24. Ne2 Bxc2 25. Bxe3 Bd3 26. Ng3 Qg6 27. Re1 Nb8
28. Bg5 Rf7 29. Ne2 h6 30. Be3 Bxe2 31. Rbxe2 Rxf3 32. Rf2 Rxf2 33. Qxf2 Kg8
34. Rf1 Nc6 35. a4 Ne7 36. Bc1 Nf5 37. Bd2 h5 38. Bf4 h4 39. g3 Kf7 40. Kh1
hxg3 41. Bxg3 Rh8 42. Rg1 Ke8 43. Bf4 Qh5 44. Qg2 Nh4 45. Qg4 Qf5 46. Qxf5 Nxf5
47. Rg6 Kf7 48. Rg1 Rh3 49. Bd2 Rd3 50. Be1 Ne3 51. Rg3 Nc2 52. Rxd3 cxd3 53.
Bd2 Na3 54. Kg2 Nc4 0-1

[Event "Quebec-ch qual"]
[Site "Gatineau CAN"]
[Date "2010.04.06"]
[Round "5"]
[White "Mohit, Surdasji"]
[Black "Sabourin, Yves"]
[Result "0-1"]
[WhiteElo "1568"]
[BlackElo "1427"]
[PlyCount "64"]
[EventDate "2010.03.09"]
[EventType "swiss"]
[EventRounds "5"]
[EventCountry "CAN"]
[Source "ChessBase"]
[SourceDate "2011.11.26"]

1. e4 e6 2. d4 d5 3. Nc3 Nf6 4. e5 Nfd7 5. f4 c5 6. Nf3 Nc6 7. Be3 Qb6 8. Na4
Qa5+ 9. c3 b5 10. Nxc5 Nxc5 11. b4 Nxb4 12. dxc5 Nc6 13. Qb3 a6 14. a4 b4 15.
Bd2 Bxc5 16. Rb1 Rb8 17. c4 dxc4 18. Qxc4 Qb6 19. Bd3 a5 20. Rc1 Bf2+ 21. Ke2
Bb7 22. Rhf1 Bd4 23. Ng5 Qc7 24. Be4 Rc8 25. Rc2 Bb6 26. Bxc6+ Qxc6 27. Qxc6+
Rxc6 28. Rfc1 Rxc2 29. Rxc2 O-O 30. g4 Rc8 31. Rxc8+ Bxc8 32. Ne4 Bd7 0-1

[Event "Quebec-ch qual"]
[Site "Gatineau CAN"]
[Date "2010.04.06"]
[Round "5"]
[White "Morel, Joseph"]
[Black "Levesque, Andre"]
[Result "1-0"]
[WhiteElo "1292"]
[BlackElo "1364"]
[PlyCount "65"]
[EventDate "2010.03.09"]
[EventType "swiss"]
[EventRounds "5"]
[EventCountry "CAN"]
[Source "ChessBase"]
[SourceDate "2011.11.26"]

1. d4 f5 2. c4 e6 3. Nc3 Nf6 4. e3 Be7 5. Bd3 O-O 6. Nf3 d6 7. O-O Nbd7 8. e4
fxe4 9. Nxe4 Nxe4 10. Bxe4 Nb6 11. c5 Nd7 12. b4 Nf6 13. Bd3 Bd7 14. Qc2 Be8
15. Ng5 g6 16. Nxe6 Qd7 17. Nxf8 Bxf8 18. f4 dxc5 19. dxc5 Qd4+ 20. Kh1 Qxa1
21. Bb2 Qxa2 22. Bc4+ Qxc4 23. Qxc4+ Bf7 24. Qb5 Bg7 25. Qxb7 Bd5 26. Qxc7 Re8
27. Bxf6 Bxf6 28. Qd7 Rd8 29. Qxa7 Ra8 30. Qb6 Bd4 31. Qd6 Bc4 32. Qxd4 Bxf1
33. Qd5+ 1-0